000 00320nam a22001337a 4500
008 181016b xxu||||| |||| 00| 0 eng d
020 _a9780132719254
041 _aeng
080 _22nd
_a159.9
100 _a48
101 _aPSI
245 _aMulticultural Counseling and Psychotherapy
_cBaruth,L.G
942 _2udc
_cBK
999 _c49904
_d49904